Welcome to WEB OPAC of MRSPTU Central Library

Indian Pharmacopoeia, 2014 : Addendum 2015 (Record no. 7201)

MARC details
000 -LEADER
fixed length control field 00487nam a2200169Ia 4500
008 - FIXED-LENGTH DATA ELEMENTS--GENERAL INFORMATION
fixed length control field 230711s9999||||xx |||||||||||||| ||und||
020 ## - INTERNATIONAL STANDARD BOOK NUMBER
International Standard Book Number 978-93-81238-09-7
041 ## - LANGUAGE CODE
Language code of text/sound track or separate title ENG
082 ## - DEWEY DECIMAL CLASSIFICATION NUMBER
Classification number 615.1154
Item number GO-I
100 ## - MAIN ENTRY--PERSONAL NAME
Personal name Government of India Ministry of Health & Family Welfare
245 #0 - TITLE STATEMENT
Title Indian Pharmacopoeia, 2014 : Addendum 2015
250 ## - EDITION STATEMENT
Edition statement 1st Ed.
260 ## - PUBLICATION, DISTRIBUTION, ETC.
Date of publication, distribution, etc. 2015
Place of publication, distribution, etc. Ghaziabad
Name of publisher, distributor, etc. The Indian Pharmacopoeia Commission
300 ## - PHYSICAL DESCRIPTION
Extent 3757-4098p.
650 ## - SUBJECT ADDED ENTRY--TOPICAL TERM
Topical term or geographic name entry element Pharmacy
942 ## - ADDED ENTRY ELEMENTS (KOHA)
Koha item type Book
Holdings
Withdrawn status Lost status Damaged status Not for loan Collection Home library Current library Date acquired Source of acquisition Cost, normal purchase price Inventory number Total checkouts Full call number Barcode Date last seen Price effective from Koha item type
          MRSPTU Central Library MRSPTU Central Library   Krishna Book Distributors 500.00 KBD/2016-2017/962742808   615.1154 GO-I P395 08/17/2023 08/17/2023 Book

Website Designed and Developed by MRSPTU Central Library Team

E-mail Id: librarian@mrsptu.ac.in